| 000 | 00602nam a2200205Ia 4500 | ||
|---|---|---|---|
| 003 | OSt | ||
| 005 | 20250825101741.0 | ||
| 008 | 210210b1977 xxu||||| |||| 00| 0 eng d | ||
| 040 | _cAL | ||
| 041 | _aKannada | ||
| 082 | _aK894.3 SHAP | ||
| 100 |
_aSHAILAJA PI RAJE _dಶೈಲಜಾ ಪಿ ರಾಜೇ _9237036 |
||
| 245 |
_aPratima _bಪ್ರತಿಮಾ |
||
| 260 |
_aMaisuru _bGita Buk Haus _c1977 |
||
| 300 | _a127 | ||
| 690 |
_aKannada Fiction _9237037 |
||
| 700 |
_aVidya Di Vi Murti Tr _dವಿದ್ಯಾ ಡಿ ವಿ ಮೂರ್ತಿ _9237038 |
||
| 906 | _aSG00620 | ||
| 942 |
_2ddc _cSG |
||
| 999 |
_c111884 _d111884 |
||